• 首页
  • 本馆介绍
  • 公告通知
  • 最新文献
  • 馆藏检索
  • 电子资源
  • 读者导购
  • 参考咨询
  • 我的图书馆
  • 登录
  • 详细信息显示
  • 放入我的书架
  • 预约/预借图书
  • 作者相关作品
  • 分类相关作品
  • 丛书相关作品
  • 出版社相关作品

书目信息

  • 表格格式
  • 工作单格式
  • 卡片格式
题名:
动态人体解剖
    
 
作者: 谢培德 , 许震民 著
分册:  
出版信息: 南宁   广西美术出版社  1990.5
页数: 139页
开本: 19厘米
丛书名:
单 册:
中图分类: J206.4
科图分类:
主题词: 艺用人体解剖学 , 绘画理论
电子资源:
ISBN: 7-80582-037-6
000 00763nam 2200253 45
001 0191003238
005 20061119103452.07
010    @a7-80582-037-6@dCNY5.80
100    @a19910213d1990 ekmy0chiy0121 ea
101 1  @achi@cgre
102    @aCN@b450000
105    @aa z 000yy
200 10 @a动态人体解剖@ADONG TAI REN TI JIE POU@f(德)谢培德著@F( DE ) XIE PEI DE ZHU@g许震民译
210    @a南宁@c广西美术出版社@d1990.5
215    @a139页@c图@d19厘米
300    @a著者原题:约·谢培德
540 1  @a动态 人体 解剖@ADONG TAI REN TI JIE POU
606    @a艺用人体解剖学
606 0  @a绘画理论
690    @aJ206.4@v3
701  1 @a谢培德@AXIE PEI DE@b约@4著
701  0 @a许震民@AXU ZHEN MIN@4译
801  0 @aCN@bTSSF@c20061119
905    @a10447@dJ206.4@e72
    
    动态人体解剖/(德)谢培德著/许震民译.-南宁:广西美术出版社,1990.5
    139页:图;19厘米
    著者原题:约·谢培德
    
    ISBN 7-80582-037-6:CNY5.80
    
●
相关链接 在E读中查询图书 在五车中查询图书 在当当中查询图书 在豆瓣中查询图书


正题名:动态人体解剖     索取号:J206.4/72         预约/预借

序号 登录号 条形码 馆藏地/架位号 状态 备注
1 0224065   202119340   第一样本阅览室/ [索取号:J206.4/72] 在馆    
唐山师范学院图书馆 欢迎您!
大连网信软件有限公司© 版权所有